000 00670nam a2200229Ia 4500
003 OSt
005 20221007071754.0
006 a|||||r|||| 00| 0
007 ta
008 221006b |||||||| |||| 00| 0 eng d
024 _a12,975
037 _cReports / Technical Reports
040 _aFLL
_cFLL
_beng
041 _2eng
_aeng
082 _aV3,31:3.N73t, L5
100 _aRenton David Au.
_9689395
245 0 _aPreparation of legislation
260 _aLondon
_bHer Majesty's stationery office London
_c1975
300 _a184p
_ccm.
942 _hV3,31:3.N73t, L5
_cREP
_2CC
999 _c1144244
_d1144244